[Event "European Women's Championship"]
[Site "Vysoke Tatry"]
[Date "2018.04.13"]
[Round "6"]
[White "Fuchs, Judith"]
[Black "Arabidze, Meri"]
[Result "1/2-1/2"]
[Board "27"]
[WhiteElo "2286"]
[WhiteTitle "WGM"]
[WhiteCountry "GER"]
[WhiteFideId "24605611"]
[WhiteEloChange "3"]
[BlackElo "2393"]
[BlackTitle "IM"]
[BlackCountry "GEO"]
[BlackFideId "13604040"]
[BlackEloChange "-3"]

1. e4 {[%clk 1:30:57]} c5 {[%clk 1:30:53]} 2. Nf3 {[%clk 1:31:20]} e6 {[%clk
1:31:18]} 3. d4 {[%clk 1:31:45]} cxd4 {[%clk 1:31:44]} 4. Nxd4 {[%clk 1:32:08]}
Nc6 {[%clk 1:32:13]} 5. Nc3 {[%clk 1:32:25]} a6 {[%clk 1:32:19]} 6. Nxc6 {[%clk
1:32:43]} bxc6 {[%clk 1:32:40]} 7. Bd3 {[%clk 1:33:05]} d5 {[%clk 1:32:47]} 8.
O-O {[%clk 1:33:17]} Nf6 {[%clk 1:33:13]} 9. Qe2 {[%clk 1:33:31]} Bb7 {[%clk
1:33:03]} 10. b3 {[%clk 1:33:41]} Be7 {[%clk 1:32:43]} 11. Bb2 {[%clk 1:33:21]}
O-O {[%clk 1:30:47]} 12. f4 {[%clk 1:29:11]} Qc7 {[%clk 1:26:21]} 13. Rae1 {[%clk
1:21:55]} Rfe8 {[%clk 1:23:20]} 14. Kh1 {[%clk 1:20:39]} Bf8 {[%clk 1:09:11]} 15.
Rf3 {[%clk 1:11:48]} c5 {[%clk 0:58:10]} 16. e5 {[%clk 1:05:16]} d4 {[%clk
0:33:33]} 17. Rh3 {[%clk 0:58:16]} g6 {[%clk 0:31:40]} 18. exf6 {[%clk 0:56:29]}
dxc3 {[%clk 0:32:06]} 19. Bxc3 {[%clk 0:56:18]} Qxf4 {[%clk 0:32:26]} 20. Rf1
{[%clk 0:44:40]} Qg5 {[%clk 0:29:48]} 21. Bc4 {[%clk 0:40:59]} Rad8 {[%clk
0:25:55]} 22. Bxa6 {[%clk 0:35:57]} Bxa6 {[%clk 0:25:46]} 23. Qxa6 {[%clk
0:36:25]} Qg4 {[%clk 0:25:26]} 24. Rhf3 {[%clk 0:30:53]} Qe4 {[%clk 0:23:39]} 25.
R3f2 {[%clk 0:27:13]} Ra8 {[%clk 0:23:58]} 26. Qd3 {[%clk 0:26:52]} Qxd3 {[%clk
0:20:38]} 27. cxd3 {[%clk 0:27:21]} Red8 {[%clk 0:20:46]} 28. Rd1 {[%clk
0:27:10]} Ra3 {[%clk 0:19:56]} 29. Rc2 {[%clk 0:17:05]} Rda8 {[%clk 0:19:03]} 30.
Ra1 {[%clk 0:15:28]} Rd8 {[%clk 0:19:02]} 1/2-1/2

[Event "European Women's Championship"]
[Site "Vysoke Tatry"]
[Date "2018.04.13"]
[Round "6"]
[White "Voit, Daria"]
[Black "Chernyak, Viktoria"]
[Result "1-0"]
[Board "28"]
[WhiteElo "2388"]
[WhiteTitle "FM"]
[WhiteCountry "RUS"]
[WhiteFideId "4182146"]
[WhiteEloChange "5"]
[BlackElo "2196"]
[BlackTitle "WFM"]
[BlackCountry "RUS"]
[BlackFideId "24165956"]
[BlackEloChange "-5"]

1. Nf3 {[%clk 1:30:06]} d5 {[%clk 1:30:46]} 2. d4 {[%clk 1:30:22]} e6 {[%clk
1:30:51]} 3. g3 {[%clk 1:30:42]} Nf6 {[%clk 1:30:35]} 4. Bg2 {[%clk 1:31:09]} c5
{[%clk 1:30:13]} 5. c4 {[%clk 1:31:19]} dxc4 {[%clk 1:24:31]} 6. Qa4+ {[%clk
1:31:38]} Nc6 {[%clk 1:23:17]} 7. O-O {[%clk 1:31:31]} Bd7 {[%clk 1:18:41]} 8.
Qxc4 {[%clk 1:31:16]} Rc8 {[%clk 1:13:47]} 9. Nc3 {[%clk 1:26:10]} Be7 {[%clk
1:06:50]} 10. Rd1 {[%clk 1:20:12]} Qa5 {[%clk 1:03:38]} 11. Bg5 {[%clk 1:05:10]}
cxd4 {[%clk 1:01:10]} 12. Bxf6 {[%clk 1:05:19]} Bxf6 {[%clk 0:59:29]} 13. Ne4
{[%clk 1:05:39]} Be7 {[%clk 0:58:45]} 14. Nxd4 {[%clk 1:05:04]} Ne5 {[%clk
0:53:59]} 15. Qb3 {[%clk 1:04:29]} O-O {[%clk 0:52:22]} 16. Qxb7 {[%clk 0:56:51]}
Rc7 {[%clk 0:31:27]} 17. Nb3 {[%clk 0:56:32]} Qb6 {[%clk 0:30:57]} 18. Qxb6
{[%clk 0:56:25]} axb6 {[%clk 0:31:26]} 19. Rac1 {[%clk 0:52:23]} Ra7 {[%clk
0:31:38]} 20. f4 {[%clk 0:46:25]} Ng4 {[%clk 0:31:22]} 21. Bf3 {[%clk 0:43:01]}
Ne3 {[%clk 0:29:25]} 22. Rd3 {[%clk 0:43:23]} Nd5 {[%clk 0:29:31]} 23. a3 {[%clk
0:43:36]} Bb5 {[%clk 0:29:00]} 24. Rd2 {[%clk 0:43:27]} Nf6 {[%clk 0:20:53]} 25.
Nd6 {[%clk 0:40:24]} Ba6 {[%clk 0:19:54]} 26. e4 {[%clk 0:39:08]} g5 {[%clk
0:15:50]} 27. e5 {[%clk 0:37:49]} Nd7 {[%clk 0:16:05]} 28. Nd4 {[%clk 0:37:48]}
Nb8 {[%clk 0:16:03]} 29. b4 {[%clk 0:35:40]} Bxd6 {[%clk 0:13:21]} 30. exd6
{[%clk 0:35:53]} Bc8 {[%clk 0:13:35]} 31. Nb5 {[%clk 0:28:29]} Rd7 {[%clk
0:13:57]} 32. fxg5 {[%clk 0:27:28]} Kg7 {[%clk 0:13:22]} 33. Rc7 {[%clk 0:21:58]}
Rfd8 {[%clk 0:13:34]} 34. Na7 {[%clk 0:17:36]} Ba6 {[%clk 0:11:36]} 35. b5 {[%clk
0:17:58]} Rxd6 {[%clk 0:11:54]} 36. Rxd6 {[%clk 0:17:15]} Rxd6 {[%clk 0:12:23]}
37. Bh5 {[%clk 0:15:08]} 1-0

[Event "European Women's Championship"]
[Site "Vysoke Tatry"]
[Date "2018.04.13"]
[Round "6"]
[White "Sandu, Mihaela"]
[Black "Schleining, Zoya"]
[Result "0-1"]
[Board "29"]
[WhiteElo "2240"]
[WhiteTitle "WGM"]
[WhiteCountry "ROU"]
[WhiteFideId "1204327"]
[WhiteEloChange "-6"]
[BlackElo "2382"]
[BlackTitle "IM"]
[BlackCountry "GER"]
[BlackFideId "4671660"]
[BlackEloChange "6"]

1. e4 {[%clk 1:30:50]} c6 {[%clk 1:30:57]} 2. d4 {[%clk 1:31:09]} d5 {[%clk
1:31:19]} 3. e5 {[%clk 1:31:33]} Bf5 {[%clk 1:31:40]} 4. Nf3 {[%clk 1:31:47]} e6
{[%clk 1:32:01]} 5. Be2 {[%clk 1:32:01]} Nd7 {[%clk 1:32:17]} 6. O-O {[%clk
1:32:08]} Bg6 {[%clk 1:32:35]} 7. Nbd2 {[%clk 1:31:51]} Nh6 {[%clk 1:32:46]} 8.
a4 {[%clk 1:30:28]} a5 {[%clk 1:32:30]} 9. Nb3 {[%clk 1:30:44]} Be7 {[%clk
1:32:35]} 10. Bd2 {[%clk 1:29:49]} O-O {[%clk 1:32:19]} 11. c4 {[%clk 1:20:25]}
Be4 {[%clk 1:11:57]} 12. Ne1 {[%clk 1:09:56]} dxc4 {[%clk 1:07:35]} 13. Bxc4
{[%clk 1:10:18]} Nf5 {[%clk 1:07:23]} 14. Qe2 {[%clk 0:59:25]} Bd5 {[%clk
1:06:57]} 15. Bxd5 {[%clk 0:59:47]} cxd5 {[%clk 1:06:58]} 16. Qb5 {[%clk
0:51:57]} b6 {[%clk 0:56:53]} 17. Nf3 {[%clk 0:50:44]} Ra7 {[%clk 0:49:45]} 18.
Rac1 {[%clk 0:39:22]} Qb8 {[%clk 0:47:30]} 19. Rc6 {[%clk 0:35:13]} Rc8 {[%clk
0:46:25]} 20. Rfc1 {[%clk 0:35:20]} Rxc6 {[%clk 0:45:51]} 21. Rxc6 {[%clk
0:30:52]} Bf8 {[%clk 0:42:40]} 22. g4 {[%clk 0:20:36]} Ne7 {[%clk 0:41:37]} 23.
Rc3 {[%clk 0:21:02]} h6 {[%clk 0:37:38]} 24. h4 {[%clk 0:20:20]} Qd8 {[%clk
0:37:35]} 25. h5 {[%clk 0:19:19]} Rc7 {[%clk 0:36:45]} 26. Na1 {[%clk 0:14:04]}
Rxc3 {[%clk 0:33:45]} 27. bxc3 {[%clk 0:14:26]} Qc7 {[%clk 0:29:47]} 28. Nc2
{[%clk 0:14:46]} Nb8 {[%clk 0:25:30]} 29. Ne3 {[%clk 0:14:15]} Qc6 {[%clk
0:24:34]} 30. Qb3 {[%clk 0:14:41]} Na6 {[%clk 0:22:27]} 31. g5 {[%clk 0:14:49]}
hxg5 {[%clk 0:21:21]} 32. Nxg5 {[%clk 0:14:32]} f6 {[%clk 0:20:37]} 33. exf6
{[%clk 0:12:32]} gxf6 {[%clk 0:21:05]} 34. Nf3 {[%clk 0:12:27]} Bg7 {[%clk
0:18:32]} 35. Ng4 {[%clk 0:12:02]} Nf5 {[%clk 0:17:13]} 36. Bf4 {[%clk 0:11:42]}
Nc7 {[%clk 0:13:13]} 37. h6 {[%clk 0:09:10]} Bh8 {[%clk 0:13:31]} 38. Bxc7 {[%clk
0:09:04]} Qxc7 {[%clk 0:13:59]} 39. Qb5 {[%clk 0:09:05]} Nd6 {[%clk 0:12:11]} 40.
Qd3 {[%clk 0:34:47]} Qh7 {[%clk 0:41:31]} 41. Qf1 {[%clk 0:26:01]} Qg6 {[%clk
0:38:44]} 42. Qg2 {[%clk 0:26:06]} Kh7 {[%clk 0:38:49]} 43. Nh4 {[%clk 0:21:46]}
Qg8 {[%clk 0:36:12]} 44. Qg3 {[%clk 0:19:09]} Nf7 {[%clk 0:32:59]} 45. Kf1 {[%clk
0:18:42]} f5 {[%clk 0:32:33]} 46. Qc7 {[%clk 0:18:47]} fxg4 {[%clk 0:32:17]} 47.
Qe7 {[%clk 0:18:16]} Kxh6 {[%clk 0:26:51]} 48. Qxe6+ {[%clk 0:18:04]} Kh5 {[%clk
0:25:46]} 49. Ng2 {[%clk 0:17:47]} Qh7 {[%clk 0:22:22]} 50. Qxd5+ {[%clk
0:14:54]} Kh6 {[%clk 0:21:45]} 51. Ne3 {[%clk 0:15:12]} Qd3+ {[%clk 0:18:06]} 52.
Kg2 {[%clk 0:13:54]} Qg6 {[%clk 0:17:37]} 53. Qd7 {[%clk 0:11:26]} Bf6 {[%clk
0:16:34]} 54. Nxg4+ {[%clk 0:09:53]} Kh5 {[%clk 0:13:16]} 55. f3 {[%clk 0:09:58]}
Nh6 {[%clk 0:12:07]} 56. Kh3 {[%clk 0:03:19]} Nxg4 {[%clk 0:12:12]} 57. fxg4+
{[%clk 0:03:46]} Kh6 {[%clk 0:12:28]} 58. Qb5 {[%clk 0:04:10]} Bg5 {[%clk
0:11:23]} 59. d5 {[%clk 0:04:21]} Qf6 {[%clk 0:10:45]} 60. Qd3 {[%clk 0:04:13]}
Bf4 {[%clk 0:07:02]} 61. Kg2 {[%clk 0:03:24]} Kg7 {[%clk 0:07:01]} 62. c4 {[%clk
0:03:39]} Bd6 {[%clk 0:07:06]} 63. Qe3 {[%clk 0:03:14]} Bc5 {[%clk 0:06:50]} 64.
Qg3 {[%clk 0:02:49]} Qb2+ {[%clk 0:06:14]} 65. Kh3 {[%clk 0:03:15]} Qa3 {[%clk
0:06:26]} 66. g5 {[%clk 0:03:28]} Qxg3+ {[%clk 0:06:38]} 67. Kxg3 {[%clk
0:03:55]} Kg6 {[%clk 0:06:56]} 68. Kf4 {[%clk 0:04:15]} Bd6+ {[%clk 0:07:12]} 0-1

[Event "European Women's Championship"]
[Site "Vysoke Tatry"]
[Date "2018.04.13"]
[Round "6"]
[White "Kursova, Maria"]
[Black "Kovanova, Baira"]
[Result "0-1"]
[Board "30"]
[WhiteElo "2278"]
[WhiteTitle "WGM"]
[WhiteCountry "ARM"]
[WhiteFideId "4129709"]
[WhiteEloChange "-7"]
[BlackElo "2368"]
[BlackTitle "WGM"]
[BlackCountry "RUS"]
[BlackFideId "4164083"]
[BlackEloChange "7"]

1. d4 {[%clk 1:30:57]} Nf6 {[%clk 1:30:56]} 2. Nf3 {[%clk 1:31:22]} e6 {[%clk
1:31:23]} 3. c4 {[%clk 1:31:45]} b6 {[%clk 1:31:39]} 4. g3 {[%clk 1:31:53]} Ba6
{[%clk 1:31:49]} 5. Qa4 {[%clk 1:32:01]} Bb7 {[%clk 1:30:04]} 6. Bg2 {[%clk
1:32:19]} Be7 {[%clk 1:27:46]} 7. O-O {[%clk 1:30:01]} O-O {[%clk 1:27:28]} 8.
Rd1 {[%clk 1:19:32]} d5 {[%clk 1:18:14]} 9. cxd5 {[%clk 1:08:24]} exd5 {[%clk
1:15:18]} 10. Nc3 {[%clk 1:01:30]} Ne4 {[%clk 1:10:08]} 11. Ne5 {[%clk 0:45:55]}
Kh8 {[%clk 0:50:05]} 12. Nxe4 {[%clk 0:25:14]} dxe4 {[%clk 0:50:19]} 13. Qc2
{[%clk 0:24:57]} f5 {[%clk 0:46:27]} 14. g4 {[%clk 0:24:16]} Bd6 {[%clk 0:40:57]}
15. Bf4 {[%clk 0:17:37]} Qf6 {[%clk 0:26:48]} 16. gxf5 {[%clk 0:12:17]} Qxf5
{[%clk 0:27:10]} 17. e3 {[%clk 0:12:00]} Rf6 {[%clk 0:22:33]} 18. Rf1 {[%clk
0:08:19]} Na6 {[%clk 0:12:08]} 19. a3 {[%clk 0:07:58]} Nc5 {[%clk 0:07:23]} 20.
dxc5 {[%clk 0:06:08]} Bxe5 {[%clk 0:07:50]} 21. Bxe5 {[%clk 0:03:38]} Qxe5 {[%clk
0:08:13]} 22. cxb6 {[%clk 0:04:00]} axb6 {[%clk 0:07:54]} 23. Rad1 {[%clk
0:03:48]} c5 {[%clk 0:02:28]} 24. Rd2 {[%clk 0:03:22]} Raf8 {[%clk 0:02:48]} 25.
Rfd1 {[%clk 0:03:38]} Rh6 {[%clk 0:02:13]} 26. h3 {[%clk 0:04:04]} Qg5 {[%clk
0:02:35]} 27. Rd6 {[%clk 0:02:50]} Rxh3 {[%clk 0:01:31]} 28. Rxb6 {[%clk
0:03:09]} Rh4 {[%clk 0:01:21]} 29. Rxb7 {[%clk 0:00:45]} Rg4 {[%clk 0:01:50]} 30.
Kf1 {[%clk 0:01:08]} Rxg2 {[%clk 0:02:13]} 31. Qxe4 {[%clk 0:00:33]} Rgxf2+
{[%clk 0:02:34]} 0-1

[Event "European Women's Championship"]
[Site "Vysoke Tatry"]
[Date "2018.04.13"]
[Round "6"]
[White "Manakova, Maria"]
[Black "Fataliyeva, Ulviyya"]
[Result "0-1"]
[Board "31"]
[WhiteElo "2268"]
[WhiteTitle "WGM"]
[WhiteCountry "SRB"]
[WhiteFideId "927007"]
[WhiteEloChange "-7"]
[BlackElo "2361"]
[BlackTitle "WGM"]
[BlackCountry "AZE"]
[BlackFideId "13403052"]
[BlackEloChange "7"]

1. d4 {[%clk 1:30:56]} d5 {[%clk 1:30:54]} 2. Nf3 {[%clk 1:30:33]} Nf6 {[%clk
1:31:00]} 3. Bf4 {[%clk 1:30:19]} c5 {[%clk 1:30:48]} 4. e3 {[%clk 1:30:34]} Nc6
{[%clk 1:30:58]} 5. c3 {[%clk 1:29:50]} e6 {[%clk 1:31:10]} 6. Nbd2 {[%clk
1:28:59]} Bd6 {[%clk 1:31:07]} 7. dxc5 {[%clk 1:28:12]} Bxc5 {[%clk 1:30:25]} 8.
Bd3 {[%clk 1:28:08]} h6 {[%clk 1:23:20]} 9. Bg3 {[%clk 1:23:19]} O-O {[%clk
1:15:33]} 10. O-O {[%clk 1:18:22]} a5 {[%clk 1:14:03]} 11. Qe2 {[%clk 1:15:08]}
Re8 {[%clk 1:11:52]} 12. e4 {[%clk 1:10:30]} e5 {[%clk 1:08:35]} 13. exd5 {[%clk
1:01:31]} Nxd5 {[%clk 1:07:44]} 14. Rad1 {[%clk 0:56:26]} Ba7 {[%clk 1:00:01]}
15. Bc4 {[%clk 0:51:59]} Nf4 {[%clk 0:53:41]} 16. Qe4 {[%clk 0:48:38]} Qf6 {[%clk
0:51:19]} 17. Bxf4 {[%clk 0:35:42]} Bf5 {[%clk 0:46:30]} 18. Bxe5 {[%clk
0:30:01]} Rxe5 {[%clk 0:38:04]} 19. Qh4 {[%clk 0:29:01]} g5 {[%clk 0:38:12]} 20.
Qh5 {[%clk 0:27:30]} Re7 {[%clk 0:31:11]} 21. Nb3 {[%clk 0:26:08]} Re4 {[%clk
0:25:41]} 22. Nbd2 {[%clk 0:22:36]} Rf4 {[%clk 0:24:47]} 23. h3 {[%clk 0:21:51]}
Kg7 {[%clk 0:24:10]} 24. Nh2 {[%clk 0:19:42]} Re8 {[%clk 0:22:44]} 25. Ng4 {[%clk
0:17:41]} Bxg4 {[%clk 0:20:28]} 26. hxg4 {[%clk 0:18:08]} Rd8 {[%clk 0:17:22]}
27. Kh1 {[%clk 0:15:07]} Rxd2 {[%clk 0:13:03]} 28. Rxd2 {[%clk 0:15:33]} Rxc4
{[%clk 0:13:26]} 29. Rfd1 {[%clk 0:11:51]} Bc5 {[%clk 0:09:19]} 30. f3 {[%clk
0:09:39]} Ne5 {[%clk 0:08:19]} 31. Qh2 {[%clk 0:07:58]} Rf4 {[%clk 0:07:55]} 32.
Qg3 {[%clk 0:06:30]} h5 {[%clk 0:05:36]} 33. Rd5 {[%clk 0:06:42]} b6 {[%clk
0:04:25]} 34. Qe1 {[%clk 0:06:56]} Nc4 {[%clk 0:04:14]} 35. b4 {[%clk 0:05:32]}
axb4 {[%clk 0:04:05]} 36. cxb4 {[%clk 0:06:00]} Be3 {[%clk 0:03:30]} 37. Rf5
{[%clk 0:05:04]} Qh6 {[%clk 0:00:58]} 38. Qc3+ {[%clk 0:04:07]} Rd4 {[%clk
0:01:22]} 39. Qxd4+ {[%clk 0:01:02]} Bxd4 {[%clk 0:01:50]} 40. Rxd4 {[%clk
0:31:26]} hxg4+ {[%clk 0:32:07]} 41. Kg1 {[%clk 0:31:56]} Ne3 {[%clk 0:30:41]}
42. Re5 {[%clk 0:27:10]} g3 {[%clk 0:29:30]} 43. Rxe3 {[%clk 0:26:36]} Qh2+
{[%clk 0:29:44]} 44. Kf1 {[%clk 0:27:05]} Qh1+ {[%clk 0:30:06]} 45. Ke2 {[%clk
0:27:34]} Qxg2+ {[%clk 0:30:27]} 46. Kd1 {[%clk 0:18:28]} Qg1+ {[%clk 0:30:25]}
47. Kd2 {[%clk 0:18:29]} Qf2+ {[%clk 0:30:36]} 48. Kd3 {[%clk 0:18:56]} g2 {[%clk
0:30:49]} 49. Rg4 {[%clk 0:18:34]} g1Q {[%clk 0:30:43]} 50. Rxg1 {[%clk 0:19:00]}
Qxg1 {[%clk 0:31:07]} 0-1

[Event "European Women's Championship"]
[Site "Vysoke Tatry"]
[Date "2018.04.13"]
[Round "6"]
[White "Cramling, Pia"]
[Black "Ionescu, Irina"]
[Result "1-0"]
[Board "32"]
[WhiteElo "2472"]
[WhiteTitle "GM"]
[WhiteCountry "SWE"]
[WhiteFideId "1700030"]
[WhiteEloChange "2"]
[BlackElo "2247"]
[BlackTitle "WGM"]
[BlackCountry "ROU"]
[BlackFideId "1204750"]
[BlackEloChange "-4"]

1. Nf3 {[%clk 1:30:57]} d5 {[%clk 1:30:50]} 2. e3 {[%clk 1:31:11]} Bf5 {[%clk
1:25:37]} 3. c4 {[%clk 1:30:10]} e6 {[%clk 1:18:15]} 4. Qb3 {[%clk 1:23:19]} Nc6
{[%clk 1:14:16]} 5. cxd5 {[%clk 1:17:14]} Qxd5 {[%clk 1:10:36]} 6. Qxb7 {[%clk
1:01:14]} Rb8 {[%clk 1:07:59]} 7. Qa6 {[%clk 1:01:39]} Bxb1 {[%clk 0:45:54]} 8.
Rxb1 {[%clk 1:02:00]} Rb6 {[%clk 0:45:11]} 9. Qa4 {[%clk 0:50:32]} Nf6 {[%clk
0:41:03]} 10. Bc4 {[%clk 0:41:19]} Qa5 {[%clk 0:34:13]} 11. Qxa5 {[%clk 0:36:38]}
Nxa5 {[%clk 0:34:36]} 12. Be2 {[%clk 0:36:21]} c5 {[%clk 0:33:15]} 13. O-O {[%clk
0:34:24]} Bd6 {[%clk 0:30:01]} 14. d4 {[%clk 0:29:31]} Ke7 {[%clk 0:29:14]} 15.
Bd2 {[%clk 0:24:48]} Nc6 {[%clk 0:29:22]} 16. dxc5 {[%clk 0:24:55]} Bxc5 {[%clk
0:29:48]} 17. Rfc1 {[%clk 0:23:31]} Bd6 {[%clk 0:30:12]} 18. Rc4 {[%clk 0:21:54]}
Rhb8 {[%clk 0:29:19]} 19. Rd1 {[%clk 0:20:36]} Ne5 {[%clk 0:23:43]} 20. Nxe5
{[%clk 0:20:40]} Bxe5 {[%clk 0:24:08]} 21. b3 {[%clk 0:19:36]} Bd6 {[%clk
0:24:27]} 22. Ra4 {[%clk 0:15:06]} R6b7 {[%clk 0:24:46]} 23. Rc1 {[%clk 0:13:14]}
Nd5 {[%clk 0:23:10]} 24. Bf3 {[%clk 0:13:25]} Rd7 {[%clk 0:22:13]} 25. Bxd5
{[%clk 0:12:17]} exd5 {[%clk 0:22:37]} 26. g3 {[%clk 0:12:23]} h5 {[%clk
0:21:07]} 27. Rc6 {[%clk 0:10:58]} Rbb7 {[%clk 0:20:30]} 28. Bc3 {[%clk 0:10:56]}
f6 {[%clk 0:18:40]} 29. Bd4 {[%clk 0:08:54]} Kf7 {[%clk 0:17:16]} 30. Rca6 {[%clk
0:08:15]} Bb8 {[%clk 0:17:25]} 31. Kg2 {[%clk 0:08:27]} Rbc7 {[%clk 0:17:01]} 32.
Rb4 {[%clk 0:07:42]} Rb7 {[%clk 0:16:38]} 33. Rxb7 {[%clk 0:07:06]} Rxb7 {[%clk
0:17:03]} 34. Kf3 {[%clk 0:07:24]} Kg6 {[%clk 0:12:24]} 35. Ra5 {[%clk 0:07:03]}
Rd7 {[%clk 0:12:39]} 36. h3 {[%clk 0:06:52]} Kf7 {[%clk 0:11:06]} 37. Ke2 {[%clk
0:06:33]} Ke6 {[%clk 0:09:26]} 38. g4 {[%clk 0:06:24]} hxg4 {[%clk 0:09:11]} 39.
hxg4 {[%clk 0:06:51]} Rb7 {[%clk 0:04:56]} 40. Ra6+ {[%clk 0:36:27]} Kf7 {[%clk
0:34:55]} 41. f4 {[%clk 0:35:59]} Ke7 {[%clk 0:34:23]} 42. Kf3 {[%clk 0:31:58]}
Kf7 {[%clk 0:32:43]} 43. g5 {[%clk 0:26:57]} fxg5 {[%clk 0:31:57]} 44. fxg5
{[%clk 0:26:18]} Re7 {[%clk 0:31:57]} 45. Kg4 {[%clk 0:26:18]} 1-0

[Event "European Women's Championship"]
[Site "Vysoke Tatry"]
[Date "2018.04.13"]
[Round "6"]
[White "Yildiz Kadioglu, Betul Cemre"]
[Black "Zhukova, Natalia"]
[Result "1-0"]
[Board "33"]
[WhiteElo "2286"]
[WhiteTitle "WGM"]
[WhiteCountry "TUR"]
[WhiteFideId "6302920"]
[WhiteEloChange "14"]
[BlackElo "2426"]
[BlackTitle "GM"]
[BlackCountry "UKR"]
[BlackFideId "14101513"]
[BlackEloChange "-7"]

1. Nf3 {[%clk 1:30:53]} Nf6 {[%clk 1:30:36]} 2. d4 {[%clk 1:31:10]} e6 {[%clk
1:30:42]} 3. g3 {[%clk 1:29:39]} c5 {[%clk 1:30:32]} 4. Bg2 {[%clk 1:29:15]} d5
{[%clk 1:28:15]} 5. O-O {[%clk 1:29:22]} cxd4 {[%clk 1:26:07]} 6. Nxd4 {[%clk
1:29:47]} e5 {[%clk 1:26:24]} 7. Nb3 {[%clk 1:28:36]} Be7 {[%clk 0:58:27]} 8. Bg5
{[%clk 1:25:57]} Nbd7 {[%clk 0:56:09]} 9. e4 {[%clk 1:20:09]} dxe4 {[%clk
0:53:32]} 10. Nc3 {[%clk 1:17:19]} O-O {[%clk 0:53:34]} 11. Nxe4 {[%clk 1:13:49]}
Nxe4 {[%clk 0:53:42]} 12. Bxe7 {[%clk 1:14:16]} Qxe7 {[%clk 0:53:58]} 13. Bxe4
{[%clk 1:14:42]} Nf6 {[%clk 0:51:03]} 14. Bg2 {[%clk 1:14:30]} Bg4 {[%clk
0:39:19]} 15. Qd3 {[%clk 1:10:02]} Rac8 {[%clk 0:39:00]} 16. c3 {[%clk 1:08:48]}
Qc7 {[%clk 0:35:23]} 17. Rfe1 {[%clk 1:06:32]} Rfe8 {[%clk 0:35:20]} 18. Qe3
{[%clk 0:57:52]} b6 {[%clk 0:35:04]} 19. h3 {[%clk 0:54:54]} Bh5 {[%clk 0:31:54]}
20. g4 {[%clk 0:52:01]} Bg6 {[%clk 0:31:33]} 21. Rad1 {[%clk 0:52:23]} h5 {[%clk
0:27:50]} 22. g5 {[%clk 0:49:16]} Nd7 {[%clk 0:28:12]} 23. Rd5 {[%clk 0:46:58]}
e4 {[%clk 0:21:54]} 24. Rd4 {[%clk 0:39:48]} Re5 {[%clk 0:05:10]} 25. h4 {[%clk
0:31:17]} Rce8 {[%clk 0:05:34]} 26. Red1 {[%clk 0:28:12]} R5e7 {[%clk 0:04:58]}
27. Nd2 {[%clk 0:22:57]} Nc5 {[%clk 0:03:48]} 28. Nf1 {[%clk 0:18:52]} Ne6 {[%clk
0:03:26]} 29. Rd6 {[%clk 0:18:44]} Nc5 {[%clk 0:03:40]} 30. Qg3 {[%clk 0:16:07]}
Nd3 {[%clk 0:03:55]} 31. Ne3 {[%clk 0:13:41]} Re5 {[%clk 0:03:35]} 32. Rd5 {[%clk
0:08:05]} Nxb2 {[%clk 0:03:45]} 33. Rxe5 {[%clk 0:06:22]} Qxe5 {[%clk 0:04:07]}
34. Rd8 {[%clk 0:06:11]} Qe7 {[%clk 0:04:28]} 35. Rxe8+ {[%clk 0:06:12]} Qxe8
{[%clk 0:04:57]} 36. Nd5 {[%clk 0:06:01]} Nd3 {[%clk 0:01:01]} 37. Qc7 {[%clk
0:04:07]} Qe6 {[%clk 0:01:26]} 38. Qd8+ {[%clk 0:01:24]} Kh7 {[%clk 0:01:54]} 39.
Ne7 {[%clk 0:01:46]} f5 {[%clk 0:01:13]} 40. gxf6 {[%clk 0:31:19]} gxf6 {[%clk
0:30:49]} 41. Qc7 {[%clk 0:13:24]} Qf7 {[%clk 0:19:40]} 42. Qxa7 {[%clk 0:12:00]}
Nf4 {[%clk 0:16:39]} 43. Qd7 {[%clk 0:07:22]} Qg7 {[%clk 0:05:26]} 44. Nxg6
{[%clk 0:05:39]} Nxg2 {[%clk 0:00:51]} 45. Nf8+ {[%clk 0:00:40]} Kh6 {[%clk
0:01:19]} 46. Qxg7+ {[%clk 0:00:58]} Kxg7 {[%clk 0:01:48]} 47. Kxg2 {[%clk
0:01:04]} Kxf8 {[%clk 0:02:17]} 48. Kg3 {[%clk 0:01:29]} Ke7 {[%clk 0:02:10]} 49.
Kf4 {[%clk 0:01:58]} 1-0

[Event "European Women's Championship"]
[Site "Vysoke Tatry"]
[Date "2018.04.13"]
[Round "6"]
[White "Vega Gutierrez, Sabrina"]
[Black "Martynkova, Olena"]
[Result "1-0"]
[Board "34"]
[WhiteElo "2425"]
[WhiteTitle "IM"]
[WhiteCountry "ESP"]
[WhiteFideId "2219026"]
[WhiteEloChange "3"]
[BlackElo "2280"]
[BlackTitle "WIM"]
[BlackCountry "UKR"]
[BlackFideId "14134039"]
[BlackEloChange "-6"]

1. e4 {[%clk 1:30:55]} c5 {[%clk 1:30:45]} 2. Nf3 {[%clk 1:31:17]} e6 {[%clk
1:30:48]} 3. d4 {[%clk 1:31:39]} cxd4 {[%clk 1:30:57]} 4. Nxd4 {[%clk 1:32:02]}
Nc6 {[%clk 1:31:12]} 5. Nc3 {[%clk 1:32:15]} Qc7 {[%clk 1:31:16]} 6. Be2 {[%clk
1:32:16]} a6 {[%clk 1:30:56]} 7. O-O {[%clk 1:32:28]} Nf6 {[%clk 1:30:37]} 8. Be3
{[%clk 1:32:29]} Be7 {[%clk 1:29:33]} 9. f4 {[%clk 1:32:31]} d6 {[%clk 1:29:14]}
10. Kh1 {[%clk 1:32:48]} O-O {[%clk 1:28:06]} 11. Qe1 {[%clk 1:33:06]} Nxd4
{[%clk 1:24:16]} 12. Bxd4 {[%clk 1:33:26]} b5 {[%clk 1:24:24]} 13. Qg3 {[%clk
1:33:34]} Bb7 {[%clk 1:16:01]} 14. a3 {[%clk 1:33:33]} Bc6 {[%clk 1:13:19]} 15.
Rae1 {[%clk 1:32:58]} Rad8 {[%clk 1:12:33]} 16. b4 {[%clk 1:25:09]} g6 {[%clk
0:59:33]} 17. Bf3 {[%clk 1:22:57]} Nd7 {[%clk 0:51:56]} 18. e5 {[%clk 1:10:50]}
Bxf3 {[%clk 0:44:18]} 19. Rxf3 {[%clk 1:10:52]} dxe5 {[%clk 0:34:45]} 20. fxe5
{[%clk 1:09:55]} Nb8 {[%clk 0:25:17]} 21. Qf2 {[%clk 1:00:00]} Qc4 {[%clk
0:21:11]} 22. Bb6 {[%clk 0:58:46]} Rd7 {[%clk 0:20:51]} 23. Ne4 {[%clk 0:56:31]}
Nc6 {[%clk 0:17:13]} 24. Rc3 {[%clk 0:50:12]} Qd5 {[%clk 0:02:46]} 25. Rd3 {[%clk
0:50:08]} Qxd3 {[%clk 0:01:24]} 26. cxd3 {[%clk 0:50:15]} Nxe5 {[%clk 0:01:38]}
27. Nf6+ {[%clk 0:47:12]} Bxf6 {[%clk 0:01:58]} 28. Qxf6 {[%clk 0:47:34]} Nxd3
{[%clk 0:02:08]} 29. Be3 {[%clk 0:47:12]} 1-0